[Event "Titled Tue 24th Jun Late"]
[Site "chess.com INT"]
[Date "2025.06.24"]
[Round "6"]
[White "Marin Posada, Sebastian"]
[Black "Aalto, Patrik"]
[Result "0-1"]
[WhiteTitle "FM"]
[BlackTitle "FM"]
[WhiteElo "2246"]
[BlackElo "2316"]
[WhiteFideId "4402782"]
[BlackFideId "510726"]
[EventDate "2025.06.24"]

1. e4 c5 2. Nf3 e6 3. d4 cxd4 4. Nxd4 Nc6 5. Nc3 Qc7 6. Be2 a6 7. Be3 Nf6 8. f4
d6 9. O-O Be7 10. Kh1 O-O 11. a4 Nxd4 12. Bxd4 e5 13. Be3 exf4 14. Bxf4 Be6 15.
Qd3 Nd7 16. Qg3 Ne5 17. Bh6 Ng6 18. Bg5 Bxg5 19. Qxg5 Rac8 20. Bg4 Bxg4 21. Qxg4
Ne5 22. Qg3 Qe7 23. Nd5 Qe6 24. c3 Kh8 25. Rf5 Ng6 26. Qf3 Nh4 27. Qd3 Nxf5 28.
exf5 Qe5 29. Nb6 Rce8 30. Nd7 Qe1+ 31. Qf1 Qxf1+ 32. Rxf1 Rg8 33. f6 Re2 34. g3
Rxb2 35. fxg7+ Rxg7 36. Re1 f5 37. Nf6 Rf7 38. Re8+ Kg7 39. Nh5+ Kh6 40. Nf4 Rc7
41. Re6+ Kg7 0-1

[Event "Titled Tue 24th Jun Late"]
[Site "chess.com INT"]
[Date "2025.06.24"]
[Round "6"]
[White "Jimenez Salas, Maria Teresa"]
[Black "Duarte Cramer, Lily Jeanette"]
[Result "1-0"]
[WhiteTitle "WIM"]
[BlackTitle "WCM"]
[WhiteElo "2170"]
[BlackElo "1828"]
[WhiteFideId "3843866"]
[BlackFideId "29620180"]
[EventDate "2025.06.24"]

1. e4 c5 2. Nf3 d6 3. d4 cxd4 4. Nxd4 Nf6 5. f3 e5 6. Nb3 Be7 7. c4 Be6 8. Nc3
Nbd7 9. Be3 a6 10. Qd2 Rc8 11. Nd5 Bxd5 12. cxd5 O-O 13. Be2 Nc5 14. O-O Nfd7
15. Rfc1 b5 16. Na5 Qb6 17. b4 Qc7 18. bxc5 Nxc5 19. Nc6 Rfe8 20. Nxe7+ Qxe7 21.
Bxc5 dxc5 22. d6 Qd7 23. Qd5 Re6 24. Rxc5 Rxc5 25. Qxc5 Rxd6 26. Rc1 f6 27. Qc8+
Qd8 28. Qxd8+ Rxd8 29. Rc2 Kf7 30. Kf2 Rd4 31. Ke3 Ra4 32. Bd1 Kg6 33. g3 Ra3+
34. Ke2 a5 35. f4 exf4 36. gxf4 Rh3 37. Kf1 b4 38. Kg2 Re3 39. Re2 Rd3 40. Bc2
Rc3 41. e5+ Kf7 42. Bxh7 fxe5 43. fxe5 a4 44. e6+ Ke7 45. Bc2 b3 46. axb3 axb3
47. Bb1 Rc1 48. Rb2 Kxe6 49. Rxb3 Kf6 50. Be4 Rc5 51. Rb6+ Kf7 52. Bf3 Ra5 53.
h4 Kg8 54. Kg3 Kh7 55. Be4+ Kg8 56. Kg4 Kf7 57. Bf5 Ra1 58. Kg5 Rg1+ 59. Bg4 Kg8
60. Rb7 Kh7 61. Kh5 Kh8 62. Bf5 g6+ 63. Bxg6 Kg8 64. Kh6 Kf8 65. Rb8+ Ke7 66.
Kg7 Ke6 67. h5 Rg5 68. h6 Rxg6+ 69. Kxg6 Ke5 70. h7 Kf4 71. h8=Q Kg3 72. Rb3+
Kg4 73. Qd4# 1-0

[Event "Titled Tue 24th Jun Late"]
[Site "chess.com INT"]
[Date "2025.06.24"]
[Round "6"]
[White "Mizzi, Jack"]
[Black "Paxtor Chiguichon, Rodolfo Enrique"]
[Result "1-0"]
[WhiteTitle "CM"]
[BlackTitle "CM"]
[WhiteElo "2107"]
[BlackElo "2009"]
[WhiteFideId "5602521"]
[BlackFideId "7307012"]
[EventDate "2025.06.24"]

1. d4 Nf6 2. c4 c5 3. Nf3 cxd4 4. Nxd4 e6 5. Nc3 d5 6. cxd5 exd5 7. Bg5 Be7 8.
g3 Nc6 9. Bg2 h6 10. Bf4 O-O 11. O-O Qb6 12. Nb3 Rd8 13. Qd3 Nb4 14. Qd4 Qa6 15.
Nc5 Qa5 16. Nb3 Qa6 17. Rac1 Bf5 18. Nc5 Qa5 19. Nb3 Qb6 20. Qxb6 axb6 21. a3 d4
22. Nb5 Nc6 23. Bc7 Rd7 24. Bxb6 d3 25. N5d4 Nxd4 26. Nxd4 Bg6 27. exd3 Bxd3 28.
Rfd1 Bg6 29. Nb5 Rxd1+ 30. Rxd1 Bh5 31. Rd2 Bg6 32. h3 Bf8 33. g4 Ne4 34. Rd7
Rb8 35. Bc7 Rc8 36. Na7 Re8 37. Nb5 Nc5 38. Rd5 Re1+ 39. Kh2 Re2 40. b4 1-0

[Event "Titled Tue 24th Jun Late"]
[Site "chess.com INT"]
[Date "2025.06.24"]
[Round "6"]
[White "Lazavik, Denis"]
[Black "Bortnyk, Olexandr"]
[Result "1-0"]
[WhiteTitle "GM"]
[BlackTitle "GM"]
[WhiteElo "2580"]
[BlackElo "2601"]
[WhiteFideId "13515110"]
[BlackFideId "14120828"]
[EventDate "2025.06.24"]

1. d4 f5 2. Nf3 Nf6 3. g3 d6 4. Bg2 g6 5. O-O Bg7 6. c4 O-O 7. Nc3 c6 8. Qc2 Na6
9. Rb1 Nb4 10. Qa4 a5 11. a3 Na6 12. b4 axb4 13. axb4 Ne4 14. Qc2 Nxc3 15. Qxc3
c5 16. bxc5 Nxc5 17. Qc2 Ne4 18. Be3 Qc7 19. Qb3 Be6 20. Rfc1 Rab8 21. Qd3 Bf7
22. c5 Qd7 23. cxd6 exd6 24. Ng5 Nxg5 25. Bxg5 Rfc8 26. Rxc8+ Qxc8 27. Bf4 Qc7
28. h4 b5 29. Rxb5 Rxb5 30. Qxb5 Bxd4 31. e3 Be5 32. Bh6 Bg7 33. Bxg7 Kxg7 34.
Qb2+ Kg8 35. h5 Qe7 36. Bf3 gxh5 37. Qd4 Qe5 38. Qh4 Kg7 39. Bxh5 Bxh5 40. Qxh5
h6 41. Qd1 Kg6 42. Qb3 Kg7 43. Qb7+ Kg6 44. Qd7 Qa1+ 45. Kg2 Qe5 46. Qd8 Qe4+
47. Kg1 Qe5 48. Qg8+ Kf6 49. Qh7 Qa1+ 50. Kg2 Qa8+ 51. Kh2 Qf8 52. Kg1 Qg7 53.
Qxg7+ Kxg7 54. Kg2 Kf6 55. Kh3 Ke5 56. f3 d5 57. Kh4 d4 58. exd4+ Kxd4 59. Kh5
Ke3 60. f4 Kf3 61. Kxh6 Kxg3 62. Kg5 1-0

[Event "Titled Tue 24th Jun Late"]
[Site "chess.com INT"]
[Date "2025.06.24"]
[Round "6"]
[White "Petersen, Marcel"]
[Black "Kobalia, Mikhail"]
[Result "0-1"]
[WhiteTitle "CM"]
[BlackTitle "GM"]
[WhiteElo "2236"]
[BlackElo "2538"]
[WhiteFideId "12935670"]
[BlackFideId "4119150"]
[EventDate "2025.06.24"]

1. e4 d6 2. d4 g6 3. Nf3 Bg7 4. c3 Nf6 5. Bd3 Nc6 6. O-O O-O 7. h3 e5 8. Re1 Nd7
9. d5 Ne7 10. b4 h6 11. c4 a5 12. Bd2 f5 13. bxa5 Nc5 14. Qc2 Nxd3 15. Qxd3 fxe4
16. Qxe4 Bf5 17. Qe2 g5 18. Nh2 Ng6 19. Nc3 Nf4 20. Qf3 Nd3 21. Rf1 Nb2 22. Ne4
Nxc4 23. Bc3 Nxa5 24. Qd3 b6 25. f3 Nb7 26. Bb4 Nc5 27. Bxc5 bxc5 28. a4 Ra5 29.
Rfb1 Qa8 30. Qc4 Bd7 31. Nc3 e4 32. fxe4 Bd4+ 33. Kh1 Rf2 34. Nf3 Bg7 35. e5 Qf8
36. Ne4 Rxf3 37. gxf3 Qxf3+ 38. Kg1 Bxe5 39. Rb8+ Kg7 40. Rf1 Qe3+ 41. Rf2 Bd4
42. Qf1 Qxe4 43. Rd8 Bxa4 0-1

[Event "Titled Tue 24th Jun Late"]
[Site "chess.com INT"]
[Date "2025.06.24"]
[Round "6"]
[White "Fandi, Mazen"]
[Black "Williams, Justus"]
[Result "0-1"]
[WhiteTitle "FM"]
[BlackTitle "IM"]
[WhiteElo "2302"]
[BlackElo "2355"]
[WhiteFideId "7611625"]
[BlackFideId "2049929"]
[EventDate "2025.06.24"]

1. e4 e6 2. d3 c5 3. Nf3 Nc6 4. g3 d5 5. Bg2 g6 6. O-O Bg7 7. Qe2 Nge7 8. c3 b5
9. e5 a5 10. d4 cxd4 11. cxd4 a4 12. Bg5 b4 13. Rc1 Ba6 14. Qe3 Qb6 15. g4 h6
16. Bf6 Bxf6 17. exf6 Ng8 18. g5 hxg5 19. Nbd2 Nxf6 20. Nxg5 Rc8 21. Nxe6 Ng4
22. Qg5 fxe6 23. Qxg6+ Kd7 24. Qxg4 Rhg8 25. Qf4 Qxd4 26. Qf7+ Ne7 27. Nf3 Qg7
28. Qxg7 Rxg7 29. Rxc8 Bxc8 30. Kf1 Kd6 31. Bh3 Rh7 32. Bg2 e5 33. Rc1 Ba6+ 34.
Ke1 Rg7 35. Bh3 Nc6 36. Kd2 e4 37. Ng5 Rxg5 0-1

[Event "Titled Tue 24th Jun Late"]
[Site "chess.com INT"]
[Date "2025.06.24"]
[Round "6"]
[White "Vila Dupla, Aurelio"]
[Black "Jacobsen, Mikkel Manosri"]
[Result "0-1"]
[WhiteTitle "FM"]
[BlackTitle "FM"]
[WhiteElo "2056"]
[BlackElo "2223"]
[WhiteFideId "2203383"]
[BlackFideId "1444514"]
[EventDate "2025.06.24"]

1. Nf3 d5 2. d4 Nf6 3. c4 e6 4. cxd5 exd5 5. Nc3 h6 6. Bf4 Bd6 7. Bg3 O-O 8. e3
Bf5 9. Qb3 Nc6 10. Be2 Na5 11. Qa4 Nc6 12. O-O Bxg3 13. hxg3 Ne4 14. Nxe4 Bxe4
15. Nd2 Bf5 16. Rfc1 Ne7 17. b4 a6 18. Qb3 c6 19. a4 Qd6 20. Qc3 h5 21. Nb3 Qh6
22. Nc5 Rab8 23. Bd3 h4 24. gxh4 Qxh4 25. Bxf5 Nxf5 26. Nd7 Qg4 27. Nxf8 Nh4 28.
g3 Rxf8 29. Qd3 Re8 30. Kf1 Nf3 31. Kg2 Nh4+ 32. Kf1 Nf3 33. Kg2 Re6 34. Rh1 Ng5
35. Qd1 Qe4+ 36. Kh2 Rh6+ 0-1

[Event "Titled Tue 24th Jun Late"]
[Site "chess.com INT"]
[Date "2025.06.24"]
[Round "6"]
[White "Hadzovic, Amir"]
[Black "Gimeno Martos, Roberto"]
[Result "1-0"]
[WhiteTitle "FM"]
[BlackTitle "CM"]
[WhiteElo "2354"]
[BlackElo "2090"]
[WhiteFideId "14402300"]
[BlackFideId "2226804"]
[EventDate "2025.06.24"]

1. e4 c6 2. Nf3 g6 3. d3 Bg7 4. g3 d5 5. Bg2 Bg4 6. O-O e6 7. h3 Bxf3 8. Qxf3
Ne7 9. Qe2 O-O 10. Nd2 Nd7 11. Nb3 Rc8 12. h4 h5 13. Rb1 Qc7 14. Bg5 Ne5 15.
Rbe1 Ng4 16. c3 Rce8 17. d4 dxe4 18. Qxe4 Nf6 19. Qe2 Nh7 20. Bf4 Qc8 21. Bd6
Qd7 22. Ba3 Rb8 23. Nc5 Qd8 24. Ne4 Re8 25. Nd6 Rf8 26. c4 Bxd4 27. Rd1 c5 28.
Nxb7 Qc7 29. Qf3 Nf5 30. b3 Nf6 31. Bc1 Nd7 32. Bf4 e5 33. Bg5 Rfe8 34. g4 e4
35. Qh3 hxg4 36. Qxg4 Ne5 37. Qxe4 Nd6 38. Nxd6 Qxd6 39. Rfe1 Nd7 40. Qd5 Rxe1+
41. Rxe1 Qxd5 42. Bxd5 Ne5 43. Kg2 Rf8 44. f4 Ng4 45. Re7 1-0

[Event "Titled Tue 24th Jun Late"]
[Site "chess.com INT"]
[Date "2025.06.24"]
[Round "6"]
[White "Fernandes, Rogerio Paulo Muller"]
[Black "Gerbelli Neto, Eduardo"]
[Result "1-0"]
[WhiteElo "2241"]
[BlackElo "2114"]
[WhiteFideId "2101599"]
[BlackFideId "2103281"]
[EventDate "2025.06.24"]

1. c4 c5 2. g3 Nf6 3. Bg2 d5 4. Nf3 Nc6 5. O-O e5 6. cxd5 Nxd5 7. Nc3 Nc7 8. d3
Be7 9. a3 Rb8 10. Be3 O-O 11. Nd2 Nd4 12. Rc1 f5 13. f4 exf4 14. Bxf4 Bd6 15. e3
Nde6 16. Nc4 Bxf4 17. gxf4 b6 18. Ne5 Bb7 19. Bxb7 Rxb7 20. Qf3 Qc8 21. b4 Ne8
22. Nd5 Nf6 23. Nxf6+ gxf6 24. Nc4 Rg7+ 25. Kh1 Qd7 26. bxc5 Nxc5 27. d4 Ne4 28.
Rg1 Kh8 29. Rxg7 Qxg7 30. Rg1 Qb7 31. Nd2 Qd5 32. Nxe4 fxe4 33. Qg4 Qf7 34. Qf5
Qe7 35. h4 Qxa3 36. Qxe4 Rg8 37. Rxg8+ Kxg8 38. Qe6+ Kg7 39. f5 Qc1+ 40. Kg2
Qd2+ 41. Kf3 Qd1+ 42. Ke4 Qh1+ 43. Kd3 Qd1+ 44. Kc4 Qa4+ 45. Kd5 Qb5+ 46. Kd6
Qb4+ 47. Kd7 Qb5+ 48. Ke7 Qb4+ 49. Kd7 Qb5+ 50. Kc7 Qb2 51. Qe7+ Kh6 52. Qxf6+
Kh5 53. Qg5# 1-0

[Event "Titled Tue 24th Jun Late"]
[Site "chess.com INT"]
[Date "2025.06.24"]
[Round "6"]
[White "Toropov, Pavel"]
[Black "Viana, Dirceu"]
[Result "1-0"]
[WhiteTitle "FM"]
[BlackTitle "FM"]
[WhiteElo "2308"]
[BlackElo "2188"]
[WhiteFideId "24129178"]
[BlackFideId "2101360"]
[EventDate "2025.06.24"]

1. e4 e6 2. d4 d5 3. e5 b6 4. b3 a5 5. Nf3 a4 6. Bb2 axb3 7. axb3 Rxa1 8. Bxa1
Ba6 9. c4 Bb4+ 10. Bc3 Bxc3+ 11. Nxc3 Ne7 12. Bd3 Nbc6 13. O-O dxc4 14. Bxc4
Bxc4 15. bxc4 O-O 16. d5 Na5 17. Qd4 Qd7 18. Rd1 Rd8 19. dxe6 Qxd4 20. Rxd4 Rxd4
21. Nxd4 Nxc4 22. f4 c5 23. exf7+ Kxf7 24. Ndb5 Ke6 25. Kf2 Nd5 26. Kf3 Nd2+ 27.
Ke2 Nb3 28. g3 Nxc3+ 29. Nxc3 Nd4+ 30. Kd3 b5 31. Ke4 b4 32. Na4 Nb3 33. f5+ Kd7
34. Kd5 Nd2 35. Nxc5+ Ke7 36. g4 b3 37. Nd3 1-0

[Event "Titled Tue 24th Jun Late"]
[Site "chess.com INT"]
[Date "2025.06.24"]
[Round "6"]
[White "Nayak, Rajesh"]
[Black "Avramidou, Anastasia"]
[Result "0-1"]
[WhiteTitle "FM"]
[BlackTitle "FM"]
[WhiteElo "2262"]
[BlackElo "2294"]
[WhiteFideId "35017152"]
[BlackFideId "4239873"]
[EventDate "2025.06.24"]

1. Nf3 Nf6 2. g3 d5 3. Bg2 g6 4. O-O Bg7 5. d3 O-O 6. c3 Nc6 7. Qa4 Bg4 8. Nbd2
Qd7 9. Re1 Rfe8 10. Nf1 Rad8 11. Ne3 Bh3 12. Bh1 h6 13. Qh4 e5 14. Ng2 e4 15.
dxe4 dxe4 16. Nd4 Nxd4 17. cxd4 g5 18. Bxg5 hxg5 19. Qxg5 Qf5 20. Qxf5 Bxf5 21.
e3 Nd5 22. a3 Bd7 23. Rac1 c6 24. h3 f5 25. Nh4 Bf6 26. Ng6 Kf7 27. Nf4 Nxf4 28.
gxf4 Be6 29. Kh2 Rg8 30. Rg1 Bh4 31. Rxg8 Rxg8 32. Rc2 Bd5 33. Bg2 Ke6 34. Bf1
Kd6 35. Bg2 a5 36. Bf1 b5 37. Bg2 b4 38. Bf1 bxa3 39. bxa3 a4 40. Rb2 Bb3 41.
Bg2 Kc7 42. Bf1 Be7 0-1

[Event "Titled Tue 24th Jun Late"]
[Site "chess.com INT"]
[Date "2025.06.24"]
[Round "6"]
[White "Goldbeck, Lars"]
[Black "Ramos Espinoza, Efren Andres"]
[Result "1-0"]
[WhiteTitle "FM"]
[BlackTitle "FM"]
[WhiteElo "2391"]
[BlackElo "2104"]
[WhiteFideId "16208188"]
[BlackFideId "6100538"]
[EventDate "2025.06.24"]

1. e4 e5 2. Nc3 Nf6 3. f4 d5 4. fxe5 Nxe4 5. Qf3 Nxc3 6. dxc3 Nc6 7. Bf4 Qd7 8.
O-O-O Ne7 9. Ne2 Qa4 10. Kb1 Bf5 11. Nd4 Bd7 12. Bd3 c5 13. e6 fxe6 14. Nxe6
Bxe6 15. Rhe1 Bf7 16. Bd6 Qd7 17. Bxc5 Be6 18. h3 O-O-O 19. Bxe7 Bxe7 20. Rxe6
Rhf8 21. Qe2 Bf6 22. Bf5 Kb8 23. Rxf6 Qa4 24. Rxf8 Rxf8 25. Qe5+ Ka8 26. Qxd5 a6
27. Be4 Rb8 28. Rd4 Qe8 29. a3 g6 30. Rb4 Qe7 31. Ra4 Ka7 32. Qd4+ b6 33. Qc4 a5
34. Qb5 Rd8 35. Rd4 Rxd4 36. Qc6 1-0

[Event "Titled Tue 24th Jun Late"]
[Site "chess.com INT"]
[Date "2025.06.24"]
[Round "6"]
[White "Tikhonov, Viacheslav"]
[Black "Playa, Marcelo"]
[Result "1-0"]
[WhiteTitle "CM"]
[BlackTitle "IM"]
[WhiteElo "2183"]
[BlackElo "2376"]
[WhiteFideId "44196407"]
[BlackFideId "102202"]
[EventDate "2025.06.24"]

1. e4 e6 2. d4 d5 3. Nc3 Bb4 4. Ne2 dxe4 5. a3 Be7 6. Nxe4 Nf6 7. N2c3 Nbd7 8.
g3 Nxe4 9. Nxe4 Nf6 10. Bg2 Nxe4 11. Bxe4 Bf6 12. Be3 c6 13. h4 e5 14. d5 cxd5
15. Bxd5 O-O 16. O-O Qc7 17. Be4 Be6 18. Qf3 Rad8 19. h5 Be7 20. Bf5 Bxf5 21.
Qxf5 h6 22. Qg4 Kh8 23. Qe2 b6 24. Rad1 Rxd1 25. Rxd1 Rd8 26. Re1 Bf6 27. c3 Qd6
28. Qf3 Kg8 29. Kg2 Qd5 30. Qxd5 Rxd5 31. Kf3 Kf8 32. Ke4 Rd7 33. a4 Rd8 34. Ra1
Rd7 35. a5 b5 36. a6 1-0

[Event "Titled Tue 24th Jun Late"]
[Site "chess.com INT"]
[Date "2025.06.24"]
[Round "6"]
[White "Krzywda, Andrzej"]
[Black "Romany, Joy"]
[Result "1-0"]
[WhiteTitle "CM"]
[BlackTitle "WIM"]
[WhiteElo "2175"]
[BlackElo "1960"]
[WhiteFideId "1114565"]
[BlackFideId "10656820"]
[EventDate "2025.06.24"]

1. e4 c5 2. Nf3 a6 3. c4 e6 4. Nc3 Nc6 5. d4 cxd4 6. Nxd4 Nf6 7. a3 d6 8. Be2
Be7 9. Be3 O-O 10. g4 Nxd4 11. Bxd4 e5 12. Be3 Nd7 13. Qd2 Nc5 14. Rd1 Be6 15.
b4 Nd7 16. O-O Nf6 17. f3 Rc8 18. Nd5 Bxd5 19. exd5 Nd7 20. Bd3 g6 21. Kh1 Nb6
22. Rc1 Nd7 23. Rg1 a5 24. bxa5 Ra8 25. Bh6 Re8 26. f4 Qxa5 27. fxe5 Qxd2 28.
Bxd2 Nxe5 29. Be2 Rxa3 30. Bb4 Ra2 31. Rce1 Ra4 32. Rb1 Ra2 33. Bd1 Bg5 34. Bb3
Ra6 35. Rbe1 Bf4 36. Re4 g5 37. c5 dxc5 38. Bxc5 Rc8 39. Be7 1-0

[Event "Titled Tue 24th Jun Late"]
[Site "chess.com INT"]
[Date "2025.06.24"]
[Round "6"]
[White "Tao, Sihan"]
[Black "Nakara Husain"]
[Result "1-0"]
[WhiteTitle "FM"]
[WhiteElo "2202"]
[BlackElo "1713"]
[WhiteFideId "30982677"]
[BlackFideId "25636111"]
[EventDate "2025.06.24"]

1. c4 e5 2. g3 Nf6 3. Bg2 c6 4. Nf3 d6 5. Nc3 Be7 6. O-O O-O 7. d4 e4 8. Nd2 d5
9. f3 e3 10. Ndb1 dxc4 11. Bxe3 Be6 12. Bf2 Nd5 13. Nxd5 cxd5 14. e4 Nc6 15. Nc3
Bb4 16. Rc1 Bxc3 17. bxc3 Qa5 18. Qd2 Rfd8 19. e5 b5 20. h4 Rab8 21. h5 h6 22.
g4 b4 23. cxb4 Qxb4 24. Qf4 Qe7 25. Qg3 f5 26. Be3 Rf8 27. g5 f4 28. Bxf4 Nxd4
29. Rf2 Nf5 30. Qg4 d4 31. gxh6 Nxh6 32. Qg3 Nf5 33. Qg6 Nh4 34. Qg3 Nxg2 35.
Rxg2 Bf5 36. Rxc4 Rb1+ 37. Kh2 d3 38. e6 Bh7 39. Rc7 Rb7 40. Qxg7+ Qxg7 41.
Rgxg7+ Kh8 42. Rxh7+ Kg8 43. Rxb7 Rxf4 44. Rbg7+ Kf8 45. e7+ Ke8 46. Rh8+ Kd7
47. e8=Q+ 1-0

[Event "Titled Tue 24th Jun Late"]
[Site "chess.com INT"]
[Date "2025.06.24"]
[Round "6"]
[White "Mayaud, Raphael"]
[Black "Kelley, Deshawn"]
[Result "1-0"]
[WhiteTitle "CM"]
[WhiteElo "2126"]
[BlackElo "2014"]
[WhiteFideId "627151"]
[BlackFideId "30911940"]
[EventDate "2025.06.24"]

1. d4 g6 2. e4 Bg7 3. Nc3 e6 4. h4 h6 5. Nf3 b6 6. Be3 Bb7 7. Qd2 d6 8. O-O-O a6
9. Kb1 Ne7 10. Be2 Nd7 11. Rhe1 d5 12. exd5 Nxd5 13. Nxd5 Bxd5 14. c4 Be4+ 15.
Ka1 Qf6 16. Ne5 Rd8 17. f4 Nxe5 18. fxe5 Qxh4 19. Qb4 Qe7 20. Qc3 Bxg2 21. Bf4
Bb7 22. Qe3 g5 23. Bh2 c5 24. Bh5 cxd4 25. Rxd4 Rxd4 26. Qxd4 O-O 27. Bd1 Qc5
28. Qg4 Qf2 29. Re2 Qf1 30. Rd2 Rc8 31. b3 Qf5 32. Qe2 Qe4 33. Qxe4 Bxe4 34. Rd7 1-0

[Event "Titled Tue 24th Jun Late"]
[Site "chess.com INT"]
[Date "2025.06.24"]
[Round "6"]
[White "Rustemov, Alexander"]
[Black "Ratkovic, Miloje"]
[Result "1-0"]
[WhiteTitle "GM"]
[BlackTitle "GM"]
[WhiteElo "2525"]
[BlackElo "2489"]
[WhiteFideId "4119002"]
[BlackFideId "914517"]
[EventDate "2025.06.24"]

1. d4 Nf6 2. c4 c5 3. d5 b5 4. cxb5 a6 5. e3 g6 6. Nc3 Bg7 7. a4 O-O 8. e4 d6 9.
Nf3 axb5 10. Bxb5 Ba6 11. Bf4 Nh5 12. Bg5 h6 13. Bd2 Nd7 14. O-O Bxb5 15. axb5
Nb6 16. Qb3 g5 17. h3 f5 18. exf5 Rxf5 19. Ra6 Nf4 20. Bxf4 Rxf4 21. Re1 Rb8 22.
Qc2 Qf8 23. Ra7 Nc8 24. Rc7 Qd8 25. Rc6 Na7 26. Qg6 Rf6 27. Qe4 Rf7 28. Qe6 Kf8
29. h4 Rf6 30. Qe4 Nxc6 31. dxc6 e6 32. hxg5 hxg5 33. Nxg5 e5 34. Nh7+ Kg8 35.
Nxf6+ Qxf6 36. c7 Rf8 37. f3 Bh6 38. b6 Bf4 39. Nd5 Qh4 40. Nxf4 exf4 41. b7 Kg7
42. c8=Q Rf6 43. Qe7+ Kh6 44. Qh8+ Kg5 45. Qxh4+ Kxh4 46. Qxf6+ Kg3 47. Qg5# 1-0

[Event "Titled Tue 24th Jun Late"]
[Site "chess.com INT"]
[Date "2025.06.24"]
[Round "6"]
[White "Yevchenko, Oleksandr"]
[Black "Klys, Kacper"]
[Result "0-1"]
[WhiteTitle "CM"]
[BlackTitle "CM"]
[WhiteElo "2276"]
[BlackElo "2218"]
[WhiteFideId "14108267"]
[BlackFideId "21005281"]
[EventDate "2025.06.24"]

1. c4 e6 2. e4 d5 3. exd5 exd5 4. cxd5 Nf6 5. Nc3 Nxd5 6. Bc4 Nb6 7. Bb3 Be7 8.
d4 O-O 9. Nf3 c6 10. h3 N8d7 11. O-O h6 12. Re1 Nf6 13. Ne5 Nfd5 14. Bc2 Re8 15.
Qd3 Nf6 16. Ne4 Nbd5 17. Qg3 Kf8 18. Bd2 Nxe4 19. Bxe4 Nf6 20. Bc2 Qxd4 21. Bc3
Qb6 22. Nxf7 Kxf7 23. Bg6+ Kf8 24. Bxe8 Nxe8 25. Re3 Bf6 26. Rae1 Bf5 27. Bxf6
Nxf6 28. Re7 Ne8 29. Qe5 Bg6 30. Qe6 Bh5 31. Qf5+ Nf6 32. g4 Bf7 33. g5 hxg5 34.
Qxg5 Re8 35. Rxe8+ Bxe8 36. Re6 Qd8 37. Qe5 Qd1+ 38. Kg2 Qd5+ 39. Qxd5 Nxd5 40.
b3 Nf4+ 0-1

[Event "Titled Tue 24th Jun Late"]
[Site "chess.com INT"]
[Date "2025.06.24"]
[Round "6"]
[White "Makaraci, Tunahan"]
[Black "Bonin, Jay"]
[Result "0-1"]
[WhiteTitle "FM"]
[BlackTitle "IM"]
[WhiteElo "2233"]
[BlackElo "2102"]
[WhiteFideId "6356559"]
[BlackFideId "2000644"]
[EventDate "2025.06.24"]

1. d4 Nf6 2. Nf3 d6 3. c4 g6 4. g3 Bg7 5. Bg2 O-O 6. O-O c6 7. Nc3 Qa5 8. a3 Qh5
9. Bf4 Bh3 10. e4 Nbd7 11. Nd2 Qxd1 12. Raxd1 Bxg2 13. Kxg2 e5 14. dxe5 dxe5 15.
Be3 Ng4 16. Rfe1 Nxe3+ 17. Rxe3 Nc5 18. b4 Ne6 19. Rd3 a5 20. b5 Nc5 21. Rd6
Rfd8 22. Nf3 Rxd6 23. Rxd6 Bf8 24. Rd1 f6 25. Ne1 a4 26. bxc6 bxc6 27. Rb1 Ne6
28. Nc2 Nd4 29. Nxd4 exd4 30. Ne2 d3 31. Nf4 d2 32. Rd1 Bxa3 33. Rxd2 Bb4 34.
Ra2 a3 35. Nd3 c5 36. Kf3 Rd8 37. Ke3 Kf7 38. Rc2 Ke6 39. Nc1 g5 40. f3 f5 41.
Na2 h5 42. h3 h4 43. g4 fxg4 44. fxg4 Ke5 45. Nc1 Rd1 46. Nd3+ Ke6 47. Re2 Rh1
48. e5 Rxh3+ 49. Ke4 Rg3 50. Nf2 h3 0-1

[Event "Titled Tue 24th Jun Late"]
[Site "chess.com INT"]
[Date "2025.06.24"]
[Round "6"]
[White "Mekhitarian, Krikor Sevag"]
[Black "Popilski, Gil"]
[Result "0-1"]
[WhiteTitle "GM"]
[BlackTitle "GM"]
[WhiteElo "2564"]
[BlackElo "2431"]
[WhiteFideId "2107660"]
[BlackFideId "2809060"]
[EventDate "2025.06.24"]

1. Nf3 d5 2. c4 e6 3. d4 Nf6 4. Nc3 Be7 5. cxd5 exd5 6. Bf4 O-O 7. e3 Nbd7 8.
Bd3 c6 9. h3 a5 10. O-O Re8 11. Qc2 Nf8 12. Ne5 Bd6 13. Bg3 g6 14. f4 Nh5 15.
Bf2 f6 16. Nf3 Ng7 17. g4 Qd7 18. Rae1 h5 19. Nh2 Qf7 20. Bh4 hxg4 21. hxg4 f5
22. Qg2 fxg4 23. Nxg4 Bxg4 24. Qxg4 Nf5 25. Bf2 Nd7 26. Kg2 Nf6 27. Qf3 Bb4 28.
Rh1 Kg7 29. Reg1 Bxc3 30. bxc3 Ne4 31. Bxe4 Rxe4 32. Qh3 Kf6 33. Kf1 Rae8 34.
Qg4 Rg8 35. Rh3 Ke7 36. Rgh1 Rg7 37. a4 Kd7 38. Qg2 Kc7 39. Qf3 Qe7 40. Rg1 Qa3
41. Kg2 Qb2 42. Kh1 Rge7 43. Rxg6 Qxc3 44. Rg1 Nxe3 45. Bxe3 Rxe3 0-1

[Event "Titled Tue 24th Jun Late"]
[Site "chess.com INT"]
[Date "2025.06.24"]
[Round "6"]
[White "Schuster, Karsten"]
[Black "Anakok, Deniz"]
[Result "0-1"]
[WhiteTitle "FM"]
[BlackTitle "CM"]
[WhiteElo "2266"]
[BlackElo "2058"]
[WhiteFideId "4611071"]
[BlackFideId "51603586"]
[EventDate "2025.06.24"]

1. e4 c5 2. Nf3 e6 3. e5 Nc6 4. Bb5 Nd4 5. Bd3 Ne7 6. c3 Nxf3+ 7. Qxf3 Nc6 8.
Qe2 Qg5 9. O-O Qxe5 10. Qg4 f5 11. Qd1 Qf6 12. f4 Be7 13. Bb5 O-O 14. Bxc6 bxc6
15. d3 d5 16. Be3 d4 17. Bd2 Ba6 18. c4 e5 19. fxe5 Qxe5 20. Qf3 Bb7 21. Bf4 Qf6
22. Re1 g5 23. Be5 Qg6 24. Nd2 Rae8 25. Qf2 f4 26. Ne4 Rf5 27. Bc7 Bf8 28. a3
Rc8 29. Ba5 Re8 30. Bd2 Rfe5 31. b4 Bc8 32. bxc5 Bf5 33. Qxd4 Bxe4 34. Bb4 a5
35. dxe4 axb4 36. axb4 Rxe4 37. Rxe4 Qxe4 38. Qd7 Qe3+ 39. Kf1 Qe2+ 40. Kg1 Qe6
41. Qb7 Qxc4 42. Rd1 Qe6 43. h3 Qe3+ 44. Kh1 Qe2 45. Rb1 f3 46. Qxc6 Qxg2# 0-1

[Event "Titled Tue 24th Jun Late"]
[Site "chess.com INT"]
[Date "2025.06.24"]
[Round "6"]
[White "Mei, Austin"]
[Black "Lyakh, Vasiliy"]
[Result "1-0"]
[WhiteTitle "FM"]
[WhiteElo "2280"]
[BlackElo "2123"]
[WhiteFideId "30948479"]
[BlackFideId "14189828"]
[EventDate "2025.06.24"]

1. e4 c5 2. Nf3 e6 3. d4 cxd4 4. Nxd4 Nc6 5. Nc3 Qc7 6. Be3 a6 7. a3 b5 8. Nxc6
Qxc6 9. Bd3 Bb7 10. Qe2 Bc5 11. Bd2 Ne7 12. O-O-O e5 13. f4 exf4 14. Nd5 O-O 15.
Qh5 Ng6 16. h4 Rfe8 17. Bc3 Bd6 18. Qf5 Ne5 19. h5 h6 20. Rh4 Rac8 21. Kb1 Qc5
22. Rxf4 Bxd5 23. exd5 f6 24. Qh7+ Kf8 25. Rf5 Ke7 26. Qxg7+ Kd8 27. Qxf6+ Kc7
28. Rxe5 Bxe5 29. Bxe5+ d6 30. Qf7+ Kb8 31. Bg3 Rf8 32. Qe6 Rfd8 33. Rf1 a5 34.
Rf7 b4 35. Qe7 Qb6 36. axb4 axb4 37. b3 Re8 38. Qxd6+ Qxd6 39. Bxd6+ Ka8 40. Bb5
Re1+ 41. Kb2 Rg1 42. Bc6+ 1-0